| 000 | 01007nam2a22002411 4500 | ||
|---|---|---|---|
| 001 | rc\151658 | ||
| 005 | 20250612173417.0 | ||
| 010 |
_a5-225-02817-9 _910000 |
||
| 035 | _a(NLR Aleph) 008755792 | ||
| 090 |
_a7835244 _c7835244 |
||
| 100 | _a20030307d1996 |||y0rusy50 ca | ||
| 101 | 0 | _arus | |
| 102 | _aRU | ||
| 105 | _aa ||||||||| | ||
| 200 | 1 | _aПочечнокаменная болезнь - Токсикомании | |
| 210 |
_cМедицина _d1996 _aБ. м. |
||
| 215 |
_a591, [1] с. _cил. |
||
| 461 | 0 |
_1001rc\151653 _12001#$aМалая медицинская энциклопедия$e[В 6 т.]$fГл. ред. акад. АМН СССР В.И. Покровский$vТ. 5 _97880328 _cМ. _d1991 _fГл. ред. акад. АМН СССР В.И. Покровский _nСов. энциклопедия _o[В 6 т.] _tМалая медицинская энциклопедия _vТ. 5 |
|
| 801 | 0 |
_aRU _bNLR _gpsbo |
|
| 801 | 1 |
_aRU _bELAR _2rusmarc |
|
| 852 |
_aNLR _bС _jК-4/462 |
||
| 942 | _cBOOK | ||
| 980 | _aNB | ||